Entry Personal Name
Number of records used in: 2
001 - CONTROL NUMBER
003 - CONTROL NUMBER IDENTIFIER
005 - DATE AND TIME OF LATEST TRANSACTION
- control field:
20220103123352.0
008 - FIXED-LENGTH DATA ELEMENTS
- fixed length control field:
990804n| acannaabn |n aaa |||
010 ## - LIBRARY OF CONGRESS CONTROL NUMBER
- LC control number:
n 99055965
040 ## - CATALOGING SOURCE
- Original cataloging agency:
DLC
- Language of cataloging:
eng
- Transcribing agency:
DLC
100 1# - HEADING--PERSONAL NAME
- Personal name:
Nordby, Jon J.
670 ## - SOURCE DATA FOUND
- Source citation:
Dead reckoning, 1999:
- Information found:
CIP t.p. (Jon J. Nordby)